The Sikh heritage of Pakistan / (Record no. 553532)

000 -LEADER
fixed length control field 00676cam a2200205 i 4500
020 ## - INTERNATIONAL STANDARD BOOK NUMBER
International Standard Book Number 9789699532016
082 ## - DEWEY DECIMAL CLASSIFICATION NUMBER
Classification number 294.65491
Author Mark SHA
100 1# - MAIN ENTRY--PERSONAL NAME
Personal name Shāh, Ṣafdar ʻAlī,
9 (RLIN) 50776
245 14 - TITLE STATEMENT
Title The Sikh heritage of Pakistan /
Statement of responsibility, etc. Dr. Safdar Ali Shah, Syed Javaid A. Kazi.
300 ## - PHYSICAL DESCRIPTION
Extent x, 96 pages :
Other physical details illustrations ;
Dimensions 31 cm
526 ## - STUDY PROGRAM INFORMATION NOTE
Program name 0
Interest level 0
Reading level 0
Title point value 294_654910000000000_SHA
650 #0 - SUBJECT ADDED ENTRY--TOPICAL TERM
Topical term or geographic name entry element Sikh temples
Geographic subdivision Pakistan
9 (RLIN) 6450
650 #0 - SUBJECT ADDED ENTRY--TOPICAL TERM
Topical term or geographic name entry element Sikh temples
Geographic subdivision Pakistan.
9 (RLIN) 6450
650 #0 - SUBJECT ADDED ENTRY--TOPICAL TERM
Topical term or geographic name entry element Sikhism
Geographic subdivision Pakistan
9 (RLIN) 6448
650 #0 - SUBJECT ADDED ENTRY--TOPICAL TERM
Topical term or geographic name entry element Sikhism
Geographic subdivision Pakistan.
9 (RLIN) 6448
650 #0 - SUBJECT ADDED ENTRY--TOPICAL TERM
Topical term or geographic name entry element Sikhs
Geographic subdivision Pakistan
9 (RLIN) 6452
650 #0 - SUBJECT ADDED ENTRY--TOPICAL TERM
Topical term or geographic name entry element Sikhs
Geographic subdivision Pakistan.
9 (RLIN) 6452
700 1# - ADDED ENTRY--PERSONAL NAME
Personal name Kazi, Syed Javaid A.,
9 (RLIN) 6457
942 ## - ADDED ENTRY ELEMENTS (KOHA)
Source of classification or shelving scheme
Koha item type Book
Holdings
Withdrawn status Lost status Source of classification or shelving scheme Damaged status Not for loan Permanent Location Current Location Date acquired Total Checkouts Full call number Barcode Date last seen Price effective from Koha item type
          Military College of Engineering (MCE) Military College of Engineering (MCE) 06/09/2015   294.65491 SHA MCE-50156 06/09/2015 06/09/2015 Book
© 2023 Central Library, National University of Sciences and Technology. All Rights Reserved.